000 00509nam a2200169 4500
001 122226
003 ES-MaACL
005 20230906191932.0
007 t|
008 070214s1930 fr r ||||1| fre d
100 1 _aPoumailloux, Marcel.
_993448
245 1 3 _aLe pouls alternant
_b: etude clinique et essai de pathogénie /
_cMarcel Poumailloux ; préface du Laubry.
260 _aParis :
_bMasson et Cie,
_c1930.
300 _a231 p. ;
_c23 cm.
700 1 _aLaubry.
_970582
852 _aES-MaACL
_jB-12211
999 _c122226
_d122226